Т. 6. : Экспериментальная обработка и испытания; Надежность и эффективность в технике

Bibliografiska uppgifter
Parent link:Надежность и эффективность в технике: справочник/ под ред. В. С. Авдуевского. Т. 6 : Экспериментальная обработка и испытания.— , 1987-1990
Övriga upphovsmän: Авдуевский В. С. Всеволод Сергеевич, Аронов И. З. Иосиф Зиновьевич, Бодин Б. В. Борис Владимирович, Лапидус В. А. Вадим Аркадьевич
Språk:ryska
Publicerad: 1989
Ämnen:
Materialtyp: Bok
KOHA link:https://koha.lib.tpu.ru/cgi-bin/koha/opac-detail.pl?biblionumber=35601

MARC

LEADER 00000nam2a2200000 4500
001 35601
005 20231101210320.0
035 |a (RuTPU)RU\TPU\book\36038 
035 |a BOOK00002690 
090 |a 35601 
100 |a 20011210d1989 km y0rusy50 ca 
101 0 |a rus 
102 |a RU 
105 |a a g 001zy 
200 0 |a Т. 6. : Экспериментальная обработка и испытания  |f В. С. Авдуевский [и др.] 
210 |d 1989 
215 |a 375 с.  |c ил. 
320 |a Библиогр.: с. 366-370 (89 назв.). 
320 |a Предм. указ.: с. 371-375. 
461 1 |0 (RuTPU)RU\TPU\book\134570  |t Надежность и эффективность в технике  |o справочник  |o в 10 т.  |f под ред. В. С. Авдуевского  |v Т. 6 : Экспериментальная обработка и испытания  |d 1987-1990 
606 1 |a Надежность  |x Теория  |2 stltpush  |3 (RuTPU)RU\TPU\subj\44771  |9 64051 
610 1 |a техника 
610 1 |a технические системы 
610 1 |a отработочные испытания 
610 1 |a модели 
610 1 |a отработка 
610 1 |a надежность 
610 1 |a контроль 
610 1 |a оценка 
610 1 |a справочники 
675 |a 62-192(035)  |v 3 
701 1 |a Авдуевский  |b В. С.  |g Всеволод Сергеевич 
701 1 |a Аронов  |b И. З.  |g Иосиф Зиновьевич 
701 1 |a Бодин  |b Б. В.  |g Борис Владимирович 
701 1 |a Лапидус  |b В. А.  |g Вадим Аркадьевич 
801 0 |a RU  |b 63413507  |c 20011210  |g PSBO 
801 2 |a RU  |b 63413507  |c 20141226  |g PSBO 
900 |a Надежность технических систем и техногенный риск 
942 |c BK